000 00496nam a2200181 a 4500
001 1761486480920
003 ACL
005 20251026192011.0
008 251026s2006##################000#0#eng##
020 _a9781599180212
082 0 4 _a658.8708
_bMAT
100 1 _aMathews, Joe,
_eauthor.
245 1 0 _aStreet Smart Franchising: Read This Before You Buy a Franchise :
260 _bEntrepreneur Press,
_c2006.
650 0 _aBusiness & Economics.
942 _cENGLISH
040 _aACL
_beng
_cACL
999 _c594068
_d594068